[Event "FIDE Open World Blitz 2021"]
[Site "Warsaw"]
[Date "2021.12.30"]
[Round "19.19"]
[White "Thybo, Jesper Sondergaard"]
[Black "Janik, Igor"]
[Result "0-1"]
[WhiteElo "2195"]
[BlackElo "2508"]
[Annotator "ChessBase"]
[PlyCount "64"]
[EventDate "2021.12.29"]
[EventType "swiss"]
[EventCountry "POL"]
[Tiebreak "Cut1 Buchholz"]
[SourceTitle "playchess.com"]
[Source "ChessBase"]
[SourceQuality "1"]

1. d4 d6 2. e4 Nf6 3. Nc3 c6 4. g3 e5 5. Nge2 Nbd7 6. Bg2 Be7 7. O-O O-O 8. h3
Re8 9. Be3 Qc7 10. a4 a5 11. Re1 Bf8 12. Kh2 exd4 13. Nxd4 Nc5 14. Bf4 h6 15.
Qf3 Nfd7 16. Rad1 Ne5 17. Qe2 b6 18. b3 Ba6 19. Qd2 Rad8 20. Be3 h5 21. f4 Ng6
22. Nf5 Bc8 23. Qf2 d5 24. exd5 Bxf5 25. dxc6 Rxd1 26. Rxd1 Ne4 27. Nxe4 Bxe4
28. Bxb6 Qxc6 29. Bxe4 Rxe4 30. Bxa5 h4 31. Be1 hxg3+ 32. Qxg3 Re2+ 0-1

[Event "FIDE Open World Blitz 2021"]
[Site "Warsaw"]
[Date "2021.12.30"]
[Round "19.20"]
[White "Dragnev, Valentin"]
[Black "Samunenkov, Ihor"]
[Result "1/2-1/2"]
[WhiteElo "2396"]
[BlackElo "2348"]
[Annotator "NA"]
[PlyCount "151"]
[EventDate "2021.12.29"]
[EventType "swiss"]
[EventCountry "POL"]
[Tiebreak "Cut1 Buchholz"]
[SourceTitle "playchess.com"]
[Source "ChessBase"]
[SourceQuality "1"]

1. e4 c6 2. Nc3 d5 3. Nf3 dxe4 4. Nxe4 Nf6 5. Qe2 Nxe4 6. Qxe4 Qa5 7. b4 Qd5 8.
Qe3 Qe6 9. Be2 Qxe3 10. fxe3 Bg4 11. Rb1 Nd7 12. d4 e6 13. c4 a5 14. b5 Bb4+
15. Bd2 cxb5 16. c5 Bxd2+ 17. Nxd2 Bxe2 18. Kxe2 b4 19. a3 Ke7 20. axb4 a4 21.
b5 Nf6 22. Rhc1 a3 23. Rb3 Ra4 24. Ra1 Rha8 25. Ra2 Nd5 26. Nb1 e5 27. Raxa3
exd4 28. exd4 Kd7 29. g3 Re8+ 30. Kd2 Rxd4+ 31. Rd3 Ree4 32. Ra7 Kc8 33. Ra8+
Kc7 34. Rf8 Rxd3+ 35. Kxd3 Re7 36. Nc3 Nf6 37. Kc4 Kd7 38. b6 Ke6 39. Nb5 Ne4
40. Nc7+ Kd7 41. Nd5 Re5 42. Rxf7+ Ke6 43. Re7+ Kf5 44. Rxe5+ Kxe5 45. Ne3 Ke6
46. Kd4 Nf6 47. Nc4 Kd7 48. Na5 Kc8 49. Kc4 Nd7 50. Kb5 Ne5 51. c6 bxc6+ 52.
Nxc6 Nd7 53. Nb4 Kb7 54. Nd5 g6 55. g4 g5 56. h3 h6 57. Ka5 Kc6 58. Ne7+ Kb7
59. Nd5 Kc6 60. Ne7+ Kb7 61. Nf5 Nxb6 62. Nxh6 Nc4+ 63. Kb4 Nd6 64. Kc5 Ne4+
65. Kd4 Nf2 66. Nf7 Nxh3 67. Ke3 Kc7 68. Kf3 Kd7 69. Ne5+ Ke6 70. Nd3 Ng1+ 71.
Kf2 Nh3+ 72. Kg3 Nf4 73. Nxf4+ gxf4+ 74. Kxf4 Kf6 75. g5+ Kg6 76. Ke4 1/2-1/2

[Event "FIDE Open World Blitz 2021"]
[Site "Warsaw"]
[Date "2021.12.30"]
[Round "19.20"]
[White "Asadli, Vugar"]
[Black "Karjakin, Sergey"]
[Result "0-1"]
[WhiteElo "2386"]
[BlackElo "2743"]
[Annotator "ChessBase"]
[PlyCount "74"]
[EventDate "2021.12.29"]
[EventType "swiss"]
[EventCountry "POL"]
[Tiebreak "Cut1 Buchholz"]
[SourceTitle "playchess.com"]
[Source "ChessBase"]
[SourceQuality "1"]

1. e4 c5 2. Nc3 d6 3. Bb5+ Bd7 4. Bxd7+ Qxd7 5. d4 cxd4 6. Qxd4 Nc6 7. Qd3 g6
8. Nf3 Bg7 9. O-O Nf6 10. Bg5 O-O 11. Rad1 Rfd8 12. Nd5 Ne8 13. c3 Nc7 14. Rfe1
Ne6 15. Bh4 Rac8 16. h3 Qe8 17. b4 Rd7 18. a4 b6 19. Rc1 Ne5 20. Nxe5 dxe5 21.
Qe2 g5 22. Bg3 Nf4 23. Bxf4 exf4 24. c4 e6 25. Nc3 Be5 26. a5 bxa5 27. b5 Qe7
28. Na4 Qb4 29. Red1 Rdc7 30. Ra1 Bxa1 31. Rxa1 Rxc4 32. Qh5 Rc1+ 33. Rxc1
Rxc1+ 34. Kh2 Qe7 35. Qe2 h6 36. e5 Qb4 37. Nb2 Qe1 0-1

[Event "FIDE Open World Blitz 2021"]
[Site "Warsaw"]
[Date "2021.12.30"]
[Round "19.21"]
[White "Santos Latasa, Jaime"]
[Black "Petrosyan, Manuel"]
[Result "1-0"]
[WhiteElo "2561"]
[BlackElo "2599"]
[Annotator "ChessBase"]
[PlyCount "103"]
[EventDate "2021.12.29"]
[EventType "swiss"]
[EventCountry "POL"]
[Tiebreak "Cut1 Buchholz"]
[SourceTitle "playchess.com"]
[Source "ChessBase"]
[SourceQuality "1"]

1. e4 e5 2. Nf3 Nc6 3. Bc4 Bc5 4. O-O Nf6 5. d3 a5 6. c3 d6 7. Re1 O-O 8. h3 h6
9. Nbd2 Ba7 10. Nf1 Be6 11. Bb5 Ne7 12. Ng3 c6 13. Ba4 Ng6 14. d4 b5 15. Bc2 a4
16. Be3 Qc7 17. b3 axb3 18. axb3 Bb6 19. Qd2 Rxa1 20. Rxa1 Rd8 21. Ra6 c5 22.
d5 Bc8 23. Ra1 c4 24. b4 Bxe3 25. Qxe3 Nf4 26. Ra7 Qb8 27. Ra5 Bd7 28. Nf1 Qc8
29. Ne1 g5 30. Bd1 Kg7 31. Nd2 Rh8 32. Qb6 Bxh3 33. Qxd6 Bxg2 34. Nxg2 Qh3 35.
Ne3 Re8 36. Ra6 Ng8 37. Bg4 Ne2+ 38. Bxe2 h5 39. Nf5+ Kh7 40. Nf3 Qg4+ 41. Kf1
Qf4 42. Qd7 Rf8 43. Ne3 Nh6 44. Qe7 Rg8 45. Rf6 Qxe4 46. Qxe5 Qb1+ 47. Ne1 g4
48. Qxh5 Rg6 49. Rxg6 fxg6 50. Qe5 Nf5 51. Nxf5 gxf5 52. d6 1-0

[Event "FIDE Open World Blitz 2021"]
[Site "Warsaw"]
[Date "2021.12.30"]
[Round "19.21"]
[White "Schneider, Ilja"]
[Black "Babazada, Khazar"]
[Result "0-1"]
[WhiteElo "2486"]
[BlackElo "2302"]
[Annotator "ChessBase"]
[PlyCount "79"]
[EventDate "2021.12.29"]
[EventType "swiss"]
[EventCountry "POL"]
[Tiebreak "Cut1 Buchholz"]
[SourceTitle "playchess.com"]
[Source "ChessBase"]
[SourceQuality "1"]

1. d4 Nf6 2. c4 e6 3. Nc3 Bb4 4. e3 O-O 5. Bd2 d5 6. Nf3 c5 7. a3 Bxc3 8. Bxc3
Ne4 9. Rc1 Nxc3 10. Rxc3 cxd4 11. Qxd4 Nc6 12. Qd2 dxc4 13. Bxc4 Qxd2+ 14. Kxd2
Rd8+ 15. Ke2 Bd7 16. Rd1 Kf8 17. Nd4 Nxd4+ 18. Rxd4 Bc6 19. Rxd8+ Rxd8 20. f3
Ke7 21. Rd3 Rc8 22. Rc3 Rd8 23. Rd3 Rg8 24. e4 g5 25. Ke3 h5 26. Rd2 h4 27. Rd3
g4 28. f4 g3 29. h3 Rc8 30. Rc3 Rd8 31. Be2 f6 32. Rc5 f5 33. exf5 Bxg2 34. f6+
Kxf6 35. Rh5 Bxh3 36. Rxh4 Rg8 37. Rh6+ Ke7 38. Rxh3 g2 39. Rh7+ Kd6 40. Kd4
0-1

[Event "FIDE Open World Blitz 2021"]
[Site "Warsaw"]
[Date "2021.12.30"]
[Round "19.22"]
[White "Vidit, Santosh Gujrathi"]
[Black "Ter-Sahakyan, Samvel"]
[Result "1-0"]
[WhiteElo "2727"]
[BlackElo "2565"]
[Annotator "ChessBase"]
[PlyCount "81"]
[EventDate "2021.12.29"]
[EventType "swiss"]
[EventCountry "POL"]
[Tiebreak "Cut1 Buchholz"]
[SourceTitle "playchess.com"]
[Source "ChessBase"]
[SourceQuality "1"]

1. d4 Nf6 2. c4 e6 3. Nc3 Bb4 4. e3 O-O 5. Bd3 d5 6. a3 Bxc3+ 7. bxc3 dxc4 8.
Bxc4 c5 9. Ne2 Qc7 10. Bd3 Nc6 11. O-O e5 12. Ng3 Re8 13. Bb2 Be6 14. Bb5 Rad8
15. Qa4 a6 16. Bxc6 Qxc6 17. Qxc6 bxc6 18. dxe5 Ng4 19. c4 Bxc4 20. Rfc1 Bb3
21. Ne4 c4 22. Nd6 Re6 23. Nxc4 Bxc4 24. Rxc4 Nxf2 25. Bc3 Nd3 26. Rd1 Ree8 27.
Rxc6 h6 28. g3 Nb2 29. Rxd8 Rxd8 30. Rd6 Rb8 31. e6 fxe6 32. Rxe6 Nc4 33. Re7
g5 34. a4 Rb3 35. Bd4 a5 36. Kg2 g4 37. Rg7+ Kf8 38. Rxg4 Kf7 39. Rf4+ Ke7 40.
Bc5+ Nd6 41. Rd4 1-0

[Event "FIDE Open World Blitz 2021"]
[Site "Warsaw"]
[Date "2021.12.30"]
[Round "19.22"]
[White "Peng, Li Min"]
[Black "Heimann, Andreas"]
[Result "0-1"]
[WhiteElo "2412"]
[BlackElo "2584"]
[Annotator "ChessBase"]
[PlyCount "58"]
[EventDate "2021.12.29"]
[EventType "swiss"]
[EventCountry "POL"]
[Tiebreak "Cut1 Buchholz"]
[SourceTitle "playchess.com"]
[Source "ChessBase"]
[SourceQuality "1"]

1. d4 Nf6 2. Nf3 d5 3. c4 e6 4. Nc3 Be7 5. Bg5 h6 6. Bh4 O-O 7. e3 b6 8. cxd5
Nxd5 9. Nxd5 exd5 10. Bxe7 Qxe7 11. Be2 Be6 12. O-O c5 13. dxc5 bxc5 14. Qa4 a5
15. Rac1 Rc8 16. Qa3 Qa7 17. Rfd1 Nd7 18. Bb5 Nf6 19. b3 Qb6 20. Ba4 Rab8 21.
Qb2 Qb4 22. Ne5 Qxa4 23. Nd3 Qb5 24. Qa3 c4 25. bxc4 dxc4 26. Nf4 Qb4 27. Qc3
Qxc3 28. Rxc3 Nd5 29. Nxd5 Bxd5 0-1

[Event "FIDE Open World Blitz 2021"]
[Site "Warsaw"]
[Date "2021.12.30"]
[Round "19.23"]
[White "Sjugirov, Sanan"]
[Black "Ghaem Maghami, Ehsan"]
[Result "1-0"]
[WhiteElo "2589"]
[BlackElo "2520"]
[Annotator "ChessBase"]
[PlyCount "115"]
[EventDate "2021.12.29"]
[EventType "swiss"]
[EventCountry "POL"]
[Tiebreak "Cut1 Buchholz"]
[SourceTitle "playchess.com"]
[Source "ChessBase"]
[SourceQuality "1"]

1. e4 c6 2. Nf3 d5 3. d3 Bg4 4. h3 Bh5 5. g4 Bg6 6. Qe2 e6 7. h4 h5 8. Ne5 Bh7
9. g5 dxe4 10. Nc3 Qd4 11. f4 exf3 12. Nxf3 Qb6 13. Ne5 Bf5 14. Bd2 Ne7 15.
O-O-O Ng6 16. Bh3 Bxh3 17. Rxh3 Nxe5 18. Qxe5 Nd7 19. Qf4 Be7 20. Rf3 O-O 21.
Rdf1 c5 22. Ne4 e5 23. Qg3 Qg6 24. Bc3 Rae8 25. Qf2 c4 26. Nf6+ gxf6 27. gxf6
Bc5 28. Qe1 Kh7 29. Rg3 Rg8 30. Rxg6 Rxg6 31. Qe4 cxd3 32. cxd3 Kg8 33. Qxb7
Nxf6 34. Qb5 Be3+ 35. Kb1 Re6 36. Bxe5 Ne8 37. Bc3 Re7 38. Qxh5 Ng7 39. Qf3 Bh6
40. h5 Rge6 41. a3 Rd7 42. Ka2 Kh7 43. Rg1 f6 44. Rg6 Rf7 45. d4 Rd6 46. d5 Ne8
47. Qf5 Bg7 48. Rh6+ Kg8 49. Rg6 Kh8 50. h6 Bf8 51. Qg4 Kh7 52. Qf5 Kh8 53. Rg2
Bxh6 54. Qg6 Rg7 55. Qxe8+ Kh7 56. Rxg7+ Bxg7 57. Qh5+ Kg8 58. Bb4 1-0

[Event "FIDE Open World Blitz 2021"]
[Site "Warsaw"]
[Date "2021.12.30"]
[Round "19.23"]
[White "Heberla, Bartlomiej"]
[Black "Dvirnyy, Danyyil"]
[Result "0-1"]
[WhiteElo "2373"]
[BlackElo "2493"]
[Annotator "ChessBase"]
[PlyCount "176"]
[EventDate "2021.12.29"]
[EventType "swiss"]
[EventCountry "POL"]
[Tiebreak "Cut1 Buchholz"]
[SourceTitle "playchess.com"]
[Source "ChessBase"]
[SourceQuality "1"]

1. e4 Nf6 2. Nc3 d6 3. d4 g6 4. Nf3 Bg7 5. Be2 O-O 6. O-O Bg4 7. Be3 Nc6 8. Qd2
Bxf3 9. Bxf3 e5 10. d5 Ne7 11. Be2 Nd7 12. Nb5 a6 13. Na3 f5 14. f3 f4 15. Bf2
g5 16. c4 b6 17. Nc2 a5 18. b3 h5 19. a3 Nf6 20. b4 g4 21. Bh4 Qd7 22. Qd1 g3
23. h3 c6 24. dxc6 Qxc6 25. Qd3 Rfd8 26. Rfd1 Rac8 27. Rab1 Kh7 28. Qb3 axb4
29. axb4 Ng6 30. Bxf6 Bxf6 31. Na3 Nf8 32. Nb5 Rd7 33. Ra1 Rcd8 34. Ra7 Kg6 35.
Rxd7 Rxd7 36. Qd3 Ne6 37. Qd5 Qxd5 38. exd5 Nd4 39. Bd3+ Kg7 40. Nxd4 exd4 41.
Ra1 Re7 42. Be4 d3 43. Rd1 Bc3 44. Rxd3 Bxb4 45. Kf1 Ra7 46. Rd1 Ra2 47. Kg1
Kf6 48. h4 Bc5+ 49. Kh1 Be3 50. Rb1 Kf7 51. Rd1 Bc5 52. Rb1 Bd4 53. Rd1 Bf6 54.
Rb1 Rd2 55. Kg1 Bxh4 56. Kf1 Bd8 57. Kg1 h4 58. Bf5 Bf6 59. Bh3 Bd4+ 60. Kf1
Kf6 61. Ke1 Ra2 62. Rd1 Ke5 63. Rb1 Rf2 64. Rb3 Rc2 65. Ra3 Rxc4 66. Ra8 Be3
67. Ke2 Kd4 68. Rd8 Kxd5 69. Kd3 Rd4+ 70. Kc3 Rd1 71. Re8 Rc1+ 72. Kd3 Kc5 73.
Rc8+ Kb4 74. Rd8 Rh1 75. Bg4 h3 76. Bxh3 Rxh3 77. gxh3 g2 78. Rg8 g1=Q 79. Rxg1
Bxg1 80. h4 Kc5 81. Ke4 b5 82. h5 Kc4 83. Kxf4 b4 84. h6 b3 85. h7 Bd4 86. Ke4
b2 87. Kf5 b1=Q+ 88. Ke6 Qxh7 0-1

[Event "FIDE Open World Blitz 2021"]
[Site "Warsaw"]
[Date "2021.12.30"]
[Round "19.24"]
[White "Mastrovasilis, Dimitrios"]
[Black "Jobava, Baadur"]
[Result "1-0"]
[WhiteElo "2577"]
[BlackElo "2582"]
[Annotator "ChessBase"]
[PlyCount "200"]
[EventDate "2021.12.29"]
[EventType "swiss"]
[EventCountry "POL"]
[Tiebreak "Cut1 Buchholz"]
[SourceTitle "playchess.com"]
[Source "ChessBase"]
[SourceQuality "1"]

1. e4 c6 2. d4 d5 3. Nd2 dxe4 4. Nxe4 Bf5 5. Qf3 e6 6. Ne2 h6 7. N2g3 Bg6 8. c3
Nd7 9. Bd3 Nb6 10. O-O Ne7 11. Re1 Ned5 12. Bd2 Be7 13. Rad1 O-O 14. Bc1 Nd7
15. c4 N5b6 16. b3 a5 17. a4 Bb4 18. Re2 Re8 19. Bb2 Bf8 20. Bc2 Qc7 21. h4
Rad8 22. h5 Bh7 23. Red2 Bb4 24. Re2 Nf8 25. Bb1 Nbd7 26. Bc2 Be7 27. Qc3 Nf6
28. Nxf6+ Bxf6 29. Bxh7+ Nxh7 30. Ne4 Qf4 31. Qxa5 Be7 32. Qc3 Nf6 33. Qg3 Qf5
34. Nxf6+ Bxf6 35. Qf3 Qxf3 36. gxf3 Rd7 37. Red2 Red8 38. Kf1 g6 39. hxg6 fxg6
40. Ke2 Kf7 41. f4 h5 42. Ke3 h4 43. Ke4 Rh8 44. Rh1 Rh5 45. Bc3 Rd8 46. Rd3
Rdh8 47. Rhh3 Rd8 48. b4 Ra8 49. a5 Rd8 50. Rd1 Rf5 51. Rg1 Rh8 52. Rb1 Rhh5
53. Rg1 Be7 54. Rb1 Bd6 55. Bd2 Bc7 56. Be3 Bd6 57. Rb3 Be7 58. c5 Bd8 59. b5
Bxa5 60. b6 Rd5 61. Ra3 Bb4 62. Rb3 Ba5 63. Ra3 Bb4 64. Ra4 Bc3 65. Kd3 Bb2 66.
Ra2 Bxd4 67. Bxd4 g5 68. Ke4 g4 69. Rh1 h3 70. Rc2 Rd7 71. Be5 Rd5 72. Bd6 Kg6
73. Ra2 Rh7 74. Ra8 Rd2 75. Rg8+ Kh5 76. Rg5+ Kh4 77. Ke3 Rc2 78. Rg6 Rc3+ 79.
Kd2 Rf3 80. Ke2 Rc3 81. Rxe6 Rc2+ 82. Ke3 Rc3+ 83. Kd2 Ra3 84. f5 Rf3 85. Bg3+
Kg5 86. f6 Rd7+ 87. Ke2 Rd5 88. Re5+ Rxe5+ 89. Bxe5 Kf5 90. Bd4 Ke4 91. Be3
Rxf6 92. Rd1 Rf7 93. Rd4+ Kf5 94. Rf4+ Kg6 95. Rxg4+ Kh5 96. Rg8 Rh7 97. Kf1
Kh4 98. Kg1 Rh5 99. Kh2 Rf5 100. Rh8+ Kg4 1-0

[Event "FIDE Open World Blitz 2021"]
[Site "Warsaw"]
[Date "2021.12.30"]
[Round "19.24"]
[White "Costachi, Mihnea"]
[Black "Nevednichy, Vladislav"]
[Result "1/2-1/2"]
[WhiteElo "2463"]
[BlackElo "2379"]
[Annotator "ChessBase"]
[PlyCount "123"]
[EventDate "2021.12.29"]
[EventType "swiss"]
[EventCountry "POL"]
[Tiebreak "Cut1 Buchholz"]
[SourceTitle "playchess.com"]
[Source "ChessBase"]
[SourceQuality "1"]

1. d4 Nf6 2. c4 e6 3. Nf3 d5 4. Nc3 a6 5. cxd5 exd5 6. Bg5 Be6 7. Bxf6 Qxf6 8.
Qb3 Ra7 9. e3 Qd8 10. Bd3 c6 11. O-O Bd6 12. Qc2 Nd7 13. e4 dxe4 14. Nxe4 Be7
15. Rfe1 Ra8 16. h4 h6 17. Ng3 O-O 18. h5 Bg4 19. Ne5 Nxe5 20. dxe5 Bh4 21.
Bh7+ Kh8 22. Bf5 Bxg3 23. Bxg4 Qg5 24. Qf5 Bf4 25. g3 Qxf5 26. Bxf5 Bg5 27. f4
Be7 28. e6 Bf6 29. Rab1 fxe6 30. Bxe6 Rad8 31. Re2 Rd3 32. Kg2 Rfd8 33. b3 Rd2
34. Rbe1 Kh7 35. Bf5+ Kg8 36. Kh3 Rxe2 37. Rxe2 Kf8 38. Bg6 Be7 39. Kg4 Rd1 40.
Kf5 Rd5+ 41. Ke4 a5 42. Kf3 Rd4 43. Re5 Rd5 44. Rxd5 cxd5 45. g4 Bc5 46. g5 Ke7
47. Kg4 b6 48. Bd3 Be3 49. Kf5 Kf7 50. Bb5 d4 51. Bc4+ Kf8 52. a4 Bd2 53. gxh6
gxh6 54. Ke5 Ke7 55. f5 Bg5 56. Kxd4 Bf6+ 57. Kd5 Bh4 58. Kc6 Bf2 59. Kd5 Bh4
60. Ke5 Bf6+ 61. Kd5 Bh4 62. Ke4 1/2-1/2

[Event "FIDE Open World Blitz 2021"]
[Site "Warsaw"]
[Date "2021.12.30"]
[Round "19.25"]
[White "Muradli, Mahammad"]
[Black "Abdusattorov, Nodirbek"]
[Result "1-0"]
[WhiteElo "2571"]
[BlackElo "2646"]
[Annotator "ChessBase"]
[PlyCount "91"]
[EventDate "2021.12.29"]
[EventType "swiss"]
[EventCountry "POL"]
[Tiebreak "Cut1 Buchholz"]
[SourceTitle "playchess.com"]
[Source "ChessBase"]
[SourceQuality "1"]

1. d4 Nf6 2. c4 e6 3. Nf3 d5 4. Nc3 dxc4 5. e3 a6 6. a4 c5 7. Bxc4 Nc6 8. O-O
Be7 9. Qe2 cxd4 10. Rd1 O-O 11. exd4 Nb4 12. Bf4 Bd7 13. Ne5 Rc8 14. Rac1 Nfd5
15. Bg3 Nxc3 16. bxc3 Nc6 17. Nxd7 Qxd7 18. d5 exd5 19. Bxd5 Bg5 20. Rb1 Bf6
21. Qf3 Rfe8 22. h4 Rcd8 23. h5 h6 24. c4 Qc8 25. c5 Rd7 26. Bd6 Nd4 27. Rxd4
Bxd4 28. Bxb7 Qd8 29. Bc6 Rxd6 30. cxd6 Re6 31. d7 Rf6 32. Re1 Rxf3 33. Re8+
Kh7 34. Rxd8 Bxf2+ 35. Kh2 Bg3+ 36. Kg1 Bf2+ 37. Kh2 Bg3+ 38. Kg1 Bf2+ 39. Kh1
Bh4 40. Be4+ f5 41. Rf8 Rf1+ 42. Kh2 g6 43. Rf7+ Kg8 44. hxg6 f4 45. Bd5 Kh8
46. Rh7# 1-0

[Event "FIDE Open World Blitz 2021"]
[Site "Warsaw"]
[Date "2021.12.30"]
[Round "19.25"]
[White "Kolosowski, Mateusz"]
[Black "Sankalp, Gupta"]
[Result "1/2-1/2"]
[WhiteElo "2444"]
[BlackElo "2323"]
[Annotator "NA"]
[PlyCount "158"]
[EventDate "2021.12.29"]
[EventType "swiss"]
[EventCountry "POL"]
[Tiebreak "Cut1 Buchholz"]
[SourceTitle "playchess.com"]
[Source "ChessBase"]
[SourceQuality "1"]

1. e4 e6 2. d4 d5 3. Nd2 a6 4. Ngf3 Nf6 5. e5 Nfd7 6. Bd3 c5 7. c3 Nc6 8. O-O
Qb6 9. dxc5 Bxc5 10. Qe2 f5 11. exf6 Nxf6 12. Nb3 Bd6 13. Nbd4 O-O 14. Nxc6
bxc6 15. Ne5 Qc7 16. f4 Rb8 17. b3 a5 18. Rf3 h6 19. Ng6 Re8 20. c4 c5 21. Bd2
Bb7 22. Rh3 e5 23. fxe5 Bxe5 24. Nxe5 Rxe5 25. Bf4 Rbe8 26. Bxe5 Rxe5 27. Qf2
Qe7 28. Rg3 d4 29. Rf1 Kh8 30. Qf4 Be4 31. Bxe4 Rxe4 32. Qf5 Re5 33. Qg6 Re2
34. h3 Rxa2 35. Qf5 Re2 36. Rg6 Re5 37. Qf3 Re3 38. Qf4 Re4 39. Qf5 Re5 40. Qf3
Re3 41. Qa8+ Kh7 42. Rgxf6 gxf6 43. Qd5 Re5 44. Qf3 Kg7 45. Kh1 Rg5 46. Qf4 Qe5
47. Qf3 Qe7 48. Ra1 Qe3 49. Rxa5 Qxf3 50. gxf3 Kg6 51. Kh2 h5 52. h4 Rf5 53.
Kg3 Re5 54. Rb5 Kf5 55. Rb8 Re3 56. Rd8 Rxb3 57. Rd5+ Ke6 58. Rxc5 Rc3 59. Kf4
d3 60. Ke3 d2+ 61. Kxd2 Rxf3 62. Rxh5 Kd6 63. Rd5+ Kc6 64. h5 Rh3 65. Rf5 Kd7
66. Ke2 Ke6 67. Ra5 f5 68. h6 f4 69. Kf2 Kd6 70. Rd5+ Kc6 71. Ra5 f3 72. c5 Kb7
73. Rb5+ Kc6 74. Ra5 Kb7 75. Ke3 Rxh6 76. Kxf3 Re6 77. Rb5+ Kc7 78. Rb6 Rxb6
79. cxb6+ Kxb6 1/2-1/2

[Event "FIDE Open World Blitz 2021"]
[Site "Warsaw"]
[Date "2021.12.30"]
[Round "19.26"]
[White "Harsha, Bharathakoti"]
[Black "Anton Guijarro, David"]
[Result "1-0"]
[WhiteElo "2576"]
[BlackElo "2669"]
[Annotator "ChessBase"]
[PlyCount "89"]
[EventDate "2021.12.29"]
[EventType "swiss"]
[EventCountry "POL"]
[Tiebreak "Cut1 Buchholz"]
[SourceTitle "playchess.com"]
[Source "ChessBase"]
[SourceQuality "1"]

1. f4 d6 2. Nf3 h6 3. e4 Nf6 4. Nc3 c5 5. Bb5+ Nc6 6. Bxc6+ bxc6 7. O-O g6 8.
d3 Bg7 9. Qe1 Bg4 10. Bd2 Bxf3 11. Rxf3 Nd7 12. b3 Bd4+ 13. Kh1 e5 14. Rd1 exf4
15. Ne2 g5 16. Nxd4 cxd4 17. c3 Ne5 18. Rf1 c5 19. cxd4 cxd4 20. Bc1 Qb6 21.
Qe2 Rc8 22. Bb2 O-O 23. h3 f5 24. exf5 Rxf5 25. Qe4 Rff8 26. Bxd4 Qc6 27. Bxa7
Qxe4 28. dxe4 Ra8 29. Bg1 Rxa2 30. Rxd6 f3 31. g4 Kg7 32. Bd4 Re8 33. Rd5 Re2
34. Rxe5 Rxe5 35. Bxe5+ Kg6 36. Rxf3 Rxe4 37. Bc3 h5 38. gxh5+ Kxh5 39. Kg2
Re2+ 40. Kg3 Rc2 41. b4 Rc1 42. Rd3 Rb1 43. Kf3 Rb3 44. Ke4 Rb1 45. Kd5 1-0

[Event "FIDE Open World Blitz 2021"]
[Site "Warsaw"]
[Date "2021.12.30"]
[Round "19.26"]
[White "Aditya, Mittal"]
[Black "Dziuba, Marcin"]
[Result "0-1"]
[WhiteElo "2245"]
[BlackElo "2568"]
[Annotator "ChessBase"]
[PlyCount "112"]
[EventDate "2021.12.29"]
[EventType "swiss"]
[EventCountry "POL"]
[Tiebreak "Cut1 Buchholz"]
[SourceTitle "playchess.com"]
[Source "ChessBase"]
[SourceQuality "1"]

1. d4 Nf6 2. c4 g6 3. Nc3 Bg7 4. e4 d6 5. Be2 O-O 6. Be3 Nc6 7. d5 Ne5 8. f4
Neg4 9. Bd2 c6 10. h3 Nh6 11. Nf3 cxd5 12. cxd5 e6 13. dxe6 Bxe6 14. g4 Re8 15.
g5 Nxe4 16. Nxe4 Nf5 17. Bc3 Bc4 18. Bxc4 Rxe4+ 19. Be2 Qe7 20. Kf2 Rxf4 21.
Qd2 Re8 22. Rae1 Qxg5 23. Rhg1 Bxc3 24. Qxc3 Qh4+ 25. Kg2 Qg3+ 26. Kh1 Qxh3+
27. Nh2 Re3 28. Qc8+ Kg7 29. Bg4 Ng3+ 30. Rxg3 Qxg3 31. Rg1 Qh4 32. Qc7 Qf6 33.
Qc2 Rfe4 34. Qg2 Re1 35. Nf3 Rxg1+ 36. Kxg1 Qf4 37. Bh3 Qe3+ 38. Qf2 Qf4 39.
Kg2 Qc1 40. Ng1 Qc5 41. Qd2 Qd4 42. Qc1 Re5 43. Kh1 Qd5+ 44. Kh2 Qd4 45. Qf1
Qd2+ 46. Bg2 Rh5+ 47. Nh3 Qxb2 48. Qd3 Qe5+ 49. Kg1 Rf5 50. Be4 Rf6 51. Bxb7
Qe1+ 52. Kh2 Qe5+ 53. Kg1 Qa1+ 54. Kh2 Qxa2+ 55. Bg2 Qe6 56. Kg1 Qe5 0-1

[Event "FIDE Open World Blitz 2021"]
[Site "Warsaw"]
[Date "2021.12.30"]
[Round "19.27"]
[White "Salem, A.R. Saleh"]
[Black "Ivic, Velimir"]
[Result "1-0"]
[WhiteElo "2690"]
[BlackElo "2575"]
[Annotator "ChessBase"]
[PlyCount "126"]
[EventDate "2021.12.29"]
[EventType "swiss"]
[EventCountry "POL"]
[Tiebreak "Cut1 Buchholz"]
[SourceTitle "playchess.com"]
[Source "ChessBase"]
[SourceQuality "1"]

1. d4 d5 2. c4 e6 3. Nc3 Nf6 4. cxd5 exd5 5. Bg5 Bb4 6. e3 h6 7. Bxf6 Qxf6 8.
Bd3 c6 9. Nge2 O-O 10. O-O Re8 11. a3 Bd6 12. Ng3 Nd7 13. Qd2 Qh4 14. f4 Bf8
15. Nf5 Qd8 16. g4 Nb6 17. Rae1 c5 18. Qg2 Bxf5 19. gxf5 Qd6 20. Kh1 cxd4 21.
Nb5 Qf6 22. Nc7 dxe3 23. Nxa8 Nxa8 24. Qxd5 Nb6 25. Qxb7 Qd4 26. Be2 Qxb2 27.
a4 Qc2 28. a5 Nc8 29. f6 Nd6 30. Qd5 g6 31. Rg1 Qe4+ 32. Bf3 Qxd5 33. Bxd5 Kh7
34. Re2 Rd8 35. Rxe3 Nf5 36. Rd3 Rd6 37. Rb1 Rxf6 38. Rb7 Nd6 39. Rxa7 Rxf4 40.
a6 Bg7 41. Rf3 Rd4 42. Bxf7 Rd1+ 43. Kg2 Nf5 44. Bxg6+ Kxg6 45. Rxf5 Kxf5 46.
Rxg7 Ra1 47. a7 Kf6 48. Rh7 Kg6 49. Rb7 Ra3 50. Kf2 h5 51. Ke2 Kg5 52. Kd2 Kf5
53. Kc2 Ke5 54. Kb2 Ra6 55. Kc3 Kd5 56. Kb4 Ra1 57. Kb5 Kd6 58. Rh7 h4 59. Kb6
Rb1+ 60. Ka6 Ra1+ 61. Kb7 Rb1+ 62. Kc8 Rc1+ 63. Kb8 Kd5 1-0

[Event "FIDE Open World Blitz 2021"]
[Site "Warsaw"]
[Date "2021.12.30"]
[Round "19.27"]
[White "Kuzmicz, Krystian"]
[Black "Krasenkow, Michal"]
[Result "1-0"]
[WhiteElo "2281"]
[BlackElo "2576"]
[Annotator "ChessBase"]
[PlyCount "77"]
[EventDate "2021.12.29"]
[EventType "swiss"]
[EventCountry "POL"]
[Tiebreak "Cut1 Buchholz"]
[SourceTitle "playchess.com"]
[Source "ChessBase"]
[SourceQuality "1"]

1. e4 e5 2. Bc4 Nf6 3. Qf3 Nc6 4. Ne2 Bc5 5. d3 h6 6. h3 d6 7. Nbc3 Be6 8. Be3
Bxc4 9. dxc4 Nd7 10. O-O-O b6 11. Nd5 Nf8 12. Ng3 Ne6 13. Nf5 Bxe3+ 14. fxe3
Ng5 15. Qg4 g6 16. Ng3 Ne6 17. Rhf1 h5 18. Qf3 Ng5 19. Qe2 h4 20. Nf6+ Kf8 21.
Qg4 Ne6 22. Ne2 Kg7 23. Nc3 Ne7 24. Rf2 Ng8 25. Ncd5 c6 26. Nxg8 cxd5 27. cxd5
Nc5 28. Nf6 Rc8 29. Kb1 Qe7 30. Rdf1 Rc7 31. g3 hxg3 32. Qxg3 Nd7 33. Ng4 f6
34. h4 Qd8 35. Rg2 Kf7 36. Nxf6 Nxf6 37. Qxg6+ Ke7 38. Qxf6+ Kd7 39. Qe6# 1-0

[Event "FIDE Open World Blitz 2021"]
[Site "Warsaw"]
[Date "2021.12.30"]
[Round "19.28"]
[White "Riazantsev, Alexander"]
[Black "Hovhannisyan, Robert"]
[Result "1-0"]
[WhiteElo "2634"]
[BlackElo "2622"]
[Annotator "ChessBase"]
[PlyCount "119"]
[EventDate "2021.12.29"]
[EventType "swiss"]
[EventCountry "POL"]
[Tiebreak "Cut1 Buchholz"]
[SourceTitle "playchess.com"]
[Source "ChessBase"]
[SourceQuality "1"]

1. d4 d5 2. c4 c6 3. Nc3 Nf6 4. e3 e6 5. Bd3 Nbd7 6. b3 Bb4 7. Bb2 O-O 8. a3
Bxc3+ 9. Bxc3 Ne4 10. Bb2 b6 11. Qc2 f5 12. Nf3 Bb7 13. O-O Rc8 14. b4 Rf6 15.
c5 Rh6 16. g3 Qe8 17. Kg2 Qh5 18. h4 Ndf6 19. Ne5 Ng4 20. Nxg4 Qxg4 21. Rh1 Rf8
22. Qe2 Qg6 23. Kf1 Bc8 24. cxb6 axb6 25. a4 c5 26. dxc5 bxc5 27. bxc5 Nxc5 28.
Bb5 Ne4 29. a5 Bb7 30. a6 Ba8 31. Bd4 e5 32. Bxe5 d4 33. exd4 Nxg3+ 34. fxg3
Bxh1 35. Bf4 Be4 36. a7 Qf6 37. Bc4+ Kh8 38. Qxe4 fxe4 39. a8=Q Rxh4 40. Kg1
Rxf4 41. gxf4 Qxf4 42. Qxf8+ Qxf8 43. Bd5 g5 44. Ra8 Qxa8 45. Bxa8 e3 46. Kf1
Kg7 47. Ke2 Kf6 48. Kxe3 h5 49. Ke4 Ke6 50. Bd5+ Kf6 51. Bc4 Ke7 52. Kf5 g4 53.
Ke5 h4 54. Be2 g3 55. Bf1 Kd7 56. d5 Ke7 57. Bh3 Kd8 58. d6 Ke8 59. Ke6 Kd8 60.
d7 1-0